Transplantation of lyophilized cartilage in maxillo-facial surgery : (Record no. 44305)
[ view plain ]
| 000 -LEADER | |
|---|---|
| fixed length control field | 00954cam1a220026500 4500 |
| 001 - CONTROL NUMBER | |
| control field | qce01552164 |
| 005 - DATE AND TIME OF LATEST TRANSACTION | |
| control field | 20190814132757.0 |
| 008 - FIXED-LENGTH DATA ELEMENTS--GENERAL INFORMATION | |
| fixed length control field | 821021s1983 nyua 001 0 eng d |
| 020 ## - INTERNATIONAL STANDARD BOOK NUMBER | |
| International Standard Book Number | 3805535708 |
| 035 ## - SYSTEM CONTROL NUMBER | |
| System control number | (Sirsi) r24722 |
| 035 ## - SYSTEM CONTROL NUMBER | |
| System control number | (QCAT)lss03578227 |
| 035 ## - SYSTEM CONTROL NUMBER | |
| System control number | (UPRA)qce01552164 |
| 040 ## - CATALOGING SOURCE | |
| Modifying agency | UPRA |
| 060 ## - NATIONAL LIBRARY OF MEDICINE CALL NUMBER | |
| Classification number | WE 705 S132t 1983 |
| 100 1# - MAIN ENTRY--PERSONAL NAME | |
| Personal name | Sailer, Hermann F. |
| Linkage | A87538.1 |
| 245 10 - TITLE STATEMENT | |
| Title | Transplantation of lyophilized cartilage in maxillo-facial surgery : |
| Remainder of title | experimental foundations and clinical success / |
| Statement of responsibility, etc. | Hermann F. Sailer. |
| 260 ## - PUBLICATION, DISTRIBUTION, ETC. | |
| Place of publication, distribution, etc. | Basel ; New York : |
| Name of publisher, distributor, etc. | Karger, |
| Date of publication, distribution, etc. | 1983. |
| 504 ## - BIBLIOGRAPHY, ETC. NOTE | |
| Bibliography, etc. note | Bibliography: p. [124]-133. |
| 650 #2 - SUBJECT ADDED ENTRY--TOPICAL TERM | |
| Topical term or geographic name entry element | Cartilage -- transplantation |
| General subdivision | Cartilage -- transplantation |
| Linkage | S63002.1 |
| 650 #2 - SUBJECT ADDED ENTRY--TOPICAL TERM | |
| Topical term or geographic name entry element | Face -- surgery |
| General subdivision | Face -- surgery |
| Linkage | S57153.2 |
| 650 #2 - SUBJECT ADDED ENTRY--TOPICAL TERM | |
| Topical term or geographic name entry element | Freeze Drying |
| Linkage | S42482.2 |
| 650 #2 - SUBJECT ADDED ENTRY--TOPICAL TERM | |
| Topical term or geographic name entry element | Jaw -- surgery |
| General subdivision | Jaw -- surgery |
| Linkage | S63003.1 |
| 949 ## - LOCAL PROCESSING INFORMATION (OCLC) | |
| a | RD523 |
| w | LC |
| i | -24550 |
| m | MEDICAL |
| t | BOOK |
| l | ON-SHELF |
| Withdrawn status | Lost status | Source of classification or shelving scheme | Damaged status | Not for loan | Home library | Current library | Shelving location | Total Checkouts | Full call number | Barcode | Date last seen | Copy number | Price effective from | Koha item type |
|---|---|---|---|---|---|---|---|---|---|---|---|---|---|---|
| Library of Congress Classification | Medical Library | Medical Library | On Shelf | RD523 SAI 1983 | 33729000184445 | 08/13/2019 | 1 | 08/13/2019 | Book |